Triple Homophones Quiz Stats

Quiz Updated Oct 17, 2017

Also try: Homophone Madness
Challenge
Share
Tweet
Embed
Score 0/25 Timer 08:00
4 Plays Today
Definitions/Synonyms Homophone Triplets % Correct
1st person, yes, optical organI, aye, eye
93.1%
location preposition, to purchase, farewellby, buy, bye
86.5%
direction preposition, also, 1 + 1to, too, two
80.4%
precipitation, to rule, restraintrain, reign, rein
72.2%
penny, transmitted, odorcent, sent, scent
71.2%
unrefined metal, paddle, choice conjunctionore, oar, or
68.1%
2nd person, evergreen tree, female sheepyou, yew, ewe
67.5%
purpose preposition, two squared, firstfor, four, fore
66.9%
prideful, blood vessel, wind indicatorvain, vein, vane
65.6%
soared, illness, chimney ductflew, flu, flue
64.3%
to quote, location, visioncite, site, sight
63.5%
asset, have on, 1 of 5 Wsware, wear, where
60.2%
atmosphere, beneficiary, miscalculateair, heir, err
59.6%
Definitions/Synonyms Homophone Triplets % Correct
compose, correct, ceremonial actwrite, right, rite
57%
to hem, adverb of extent, to plantsew, so, sow
55.7%
duo, to trim, fruitpair, pare, pear
55%
condensation, owed, performdew, due, do
51.9%
path, measure mass, cheese by-productway, weigh, whey
51.3%
destitute, to empty, openingpoor, pour, pore
49.8%
gangster's girlfriend, shopping center, to battermoll, mall, maul
40.4%
fresh, perceived, wildebeestnew, knew, gnu
38.4%
animation frame, compartment, to dealcel, cell, sell
28.5%
zero, negative adverb, bindnaught, not, knot
25.1%
apex, to spy, excitepeak, peek, pique
22.6%
eight bits, mouthful, inletbyte, bite, bight
20.9%

You're not logged in!

Compare scores with friends on all Sporcle quizzes.
Sign Up with Email
OR
Log In

You Might Also Like...

Show Comments

Extras

Top Quizzes Today


Score Distribution

Your Account Isn't Verified!

In order to create a playlist on Sporcle, you need to verify the email address you used during registration. Go to your Sporcle Settings to finish the process.